000 01977cam a2200517 a 4500
001 21884
003 VRT
005 20260313142849.0
008 240318s2012 xo a c 000 j slo
015 _aSNBA2013/05
020 _a9788022206266
_q(viaz.)
035 _a23F30ED1-DC69-41F3-8F2F-22501F1AD039
035 _aurn:nbn:sk:snk-amjyn9
035 _aurn:nbn:sk:snk-am0080ea
039 9 _a202407231122
_bAUTHORITY
_c202407231103
_dAUTHORITY
_c202403181619
_dVLOAD
_c201709222115
_dAUTHORITY
040 _aSVKBB
_bslo
_cSVKBB
_dSNK
_eAACR2
041 1 _aslo
_hdan
044 _axo
_cSK
072 7 _a821.11
_xGermánske literatúry
_2konspekt
072 7 _a821-93
_xLiteratúra pre deti a mládež (beletria)
_2konspekt
080 _a821.113.4-32
_22001
080 _a821-93
_22001
100 1 _aAndersen, Hans Christian,
_d1805-1875
_4aut
240 1 0 _aRomaner og Rejseskildringer
_lSlovensky
245 1 0 _aObrázková kniha bez obrázkov
_cHans Christian Andersen ; [z dánskeho originálu preložila Eva Bubnášová ; ilustrácie Igor Piačka]
250 _a1. vyd.
260 _aBratislava
_bTatran
_c2012
300 _a79 s.
_bfareb. ilustr.
_c28 cm
504 _aVysvetl.
655 7 _adánske príbehy
_2SNKPH
655 7 _apublikácie pre deti
_2SNKPH
655 7 _aDanish stories
_2SNKPHeng
655 7 _aChildren's literature
_2SNKPHeng
700 1 _aBubnášová, Eva,
_d1985-
_4trl
700 1 _aPiačka, Igor,
_d1962-
_4ill
910 _asllk
942 _2ddc
_cKLDE
_n0
949 _6270001000411091
_asvkbbC 57692
_bsvkbbm 735629
949 _617A1070955
_asnkSB 85009
_bsnk2013/11128
_o1050/13
_s6100:20140925
949 _617A1070954
_asnkSB 85009 D1
_bsnk2013/11129
_o1050/13
949 _6273K0565052
_asvkpoC 54151
_bsvkpo569900
949 _60174027400
_alesknPRINT
_blesknBD2014/20588
949 _62889199469
_asavukV 51902
_bsavuk2013/1828
949 _63870A22945
_abinIL 1117
_bbin22945
999 _c21884
_d21884